İzmir'in kentleşme-çevre-göç sorunları ve çözüm önerileri (Record no. 5935)

MARC details
000 -BAŞLIK
Sabit Uzunlukta Kontrol Alanı 00780na a2200241 4500
001 - KONTROL NUMARASI
Denetim Alanı 18975
003 - KONTROL NUMARASI IDENTIFIER
Denetim Alanı MIRAKIL
005 - SON İŞLEM TARİHİ VE ZAMANI
Denetim Alanı 20181213155051.0
008 - SABİT-BOY VERİ ELEMANLARI - GENEL BİLGİLER
Sabit Uzunlukta Kontrol Alanı 161206b tu 000 0
020 ## - ULUSLARARASI STANDART KİTAP NUMARASI
Uluslararası Standart Kitap Numarası 9751800226 (3.C)
020 ## - ULUSLARARASI STANDART KİTAP NUMARASI
Uluslararası Standart Kitap Numarası 975180017X (T-K)
040 ## - KATALOGLAMA KAYNAK
Orijinal Kataloglama Ajansı Milas
Kataloglama Dili tur
Metne Dönüştürmek Ajansı TR-AnCHP
041 ## - DİL KODU
Metin / Ses Parça Veya Ayrı Başlığın Dil Kodu tur
082 ## - DEWEY ONLU SINIFLANDIRMA NUMARASI
Sınıflandırma Numarası 304.809
Ürün Numarası İ95 1998
090 ## - SINIFLAMA NUMARASI
Sınıflama Numarası 304.809 İ95 1998
245 ## - BAŞLIK TABLOSU
Başlık İzmir'in kentleşme-çevre-göç sorunları ve çözüm önerileri
Başlığın Kalan Göç raporu (taslak rapor)
Sorumluluk Tablosu, Vb ed. Zerrin Toprak Kahraman ...[ve öte.]
260 ## - YAYIN, DAĞITIM, VB
Yayın, Dağıtım, Vb Yeri İzmir
Yayıncı, Dağıtıcı, Vs Adı İzmir Büyükşehir Belediyesi
Yayın, Dağıtım, Vb Tarihi 1998
300 ## - FİZİKSEL TANIM
Kapsam c^3^ ix,190 s.
Diğer Fiziksel Ayrıntıları tbl.;
Boyutlar 28 sm
490 ## - SERİSİ TABLOSU
Seri Beyanı Yerel gündem
Hacim / Ardışık Tanımı 21
650 ## - KONU KATMA GİRİŞ - TOPİKAL DÖNEM
Topikal Süreli Veya Coğrafi Ad Giriş Elemanı Göç hareketleri
Genel Alt Bölümü Raporlar
Coğrafi Alt Bölümü İzmir
700 ## - KATMA GİRİŞ - KİŞİSEL İSİM
Kişisel Ad Kahraman, Zerrin Toprak
942 ## - EKLENDİ GİRİŞ ELEMANLARI (KOHA)
Sınıflandırma Veya Raf Düzeni Kaynak
Koha Öğesi Türü Books
999 ## - SİSTEM KONTROL NUMARALARI (KOHA)
Koha Biblionumber 5935
Koha Biblioitemnumber 5935
Holdings
Kalıcı Konum Mevcut Konum Edinme Tarihi Edinim Kaynak Toplam Check-Out'Lar Tam Çağrı Numarası Barkod Tarih Son Görülme İtibaren Geçerli Fiyatlar Koha Öğesi Türü
CHP Kütüphanesi CHP Kütüphanesi 12/06/2016 Bağış   304.809 İ95 1998 010175 12/06/2016 12/06/2016 Books